20 Most Visited Countries Quiz Stats

 Plays Quiz Updated Aug 14, 2019

Score 0/20 Timer 06:00
29 Plays Today
Country % Correct
United States
99.1%
France
98.2%
China
96.9%
Italy
95.4%
Germany
94.9%
Spain
94.9%
United Kingdom
94.2%
Mexico
93.6%
Canada
93.2%
Japan
92.9%
Country % Correct
Russia
91.5%
Greece
79%
Portugal
78.3%
Turkey
69.5%
Netherlands
67.9%
Austria
66.2%
Poland
64.4%
Thailand
62.7%
Saudi Arabia
38.3%
Malaysia
33.3%

You're not logged in!

Compare scores with friends on all Sporcle quizzes.
OR
Log In

Sporcle TV

Today on Sporcle TV


Watch our educational content, quiz creation guides, and fun videos on Sporcle TV.

Show Comments

Extras

Top Quizzes Today


Score Distribution

Your Account Isn't Verified!

In order to create a playlist on Sporcle, you need to verify the email address you used during registration. Go to your Sporcle Settings to finish the process.

Report this User

Report this user for behavior that violates our Community Guidelines.

Details: